Ten deadly marketing sins : signs and solutions.

Bibliographic Details
Main Author: Kotler
Format: Book
Published: New Jersey: John Wiley, 2004.
Subjects:
LEADER 00414cam a2200145 7i4500
001 0000014535
005 20041007090000.0
020 0 0 |a 0-471-65022-6  
090 0 0 |a B 658.8   |b KOT 
100 1 0 |a Kotler  
245 1 0 |a Ten deadly marketing sins :   |b signs and solutions. 
260 0 0 |a New Jersey:   |b John Wiley,   |c 2004. 
300 # # |a 152 p. 
650 0 0 |a Marketing --   |x Management  
999 |a B000016240  |b Book  |c Book  |e Business Information Centre